| 000 | 03165cam a2200745 i 4500 | ||
|---|---|---|---|
| 001 | 122056809 | ||
| 003 | OSt | ||
| 005 | 20260212140610.0 | ||
| 008 | 080306t20082008fr a###fr 000 0 fre d | ||
| 020 | _a9782702712238 (br) | ||
| 024 | 3 | 0 | _a9782702712238 |
| 035 | _a(OCoLC)300200797 | ||
| 035 | _aflora520063 | ||
| 040 |
_aABES _bfre _eAFNOR _cIEPS |
||
| 041 | 0 |
_afre _ffre _2639-2 |
|
| 082 | 0 |
_a796.325 _222 |
|
| 100 | 1 |
_0(IdRef)122057120 _1http://www.idref.fr/122057120/id _aBoudart, Paul. _4aut. _eAuteur |
|
| 245 | 1 | 0 |
_aVolley-ball au masculin : _bcomparaison des différents entraînements d'équipes du top niveau / _cPaul Boudart. |
| 264 | 1 |
_aParis : _bChiron, _cDL 2008. |
|
| 300 |
_a1 vol. (175 p.) : _bill., couv. ill. en coul. ; _c24 cm. |
||
| 336 |
_btxt _2rdacontent |
||
| 337 |
_bn _2rdamedia |
||
| 337 |
_bn _2isbdmedia |
||
| 338 |
_bnga _2RDAfrCarrier |
||
| 490 | 1 |
_aSports pratique, _x1622-7220 |
|
| 520 |
_aL'auteur a étudié, sur une période couvrant plusieurs années consécutives, les entraînements et les méthodes de travail de coaches de quelques équipes de volley-ball du top niveau et de l'international. L'intérêt de cette observation réside dans le fait de comparer, de mettre en place un entraînement type fait d'esprit d'analyse mais aussi de créativité et d'adaptation entièrement voué à l'équipe dirigée par un entraîneur qui cherche avant tout la performance et le bien-être de ses joueurs. Voici, ci-dessous présentées, les grandes parties de cet ouvrage : La préparation physique de l'équipe. Palmarès des entraîneurs examinés : Daniele Bagnoli, Bruno Bagnoli, Laurent Tillie, Philippe Blain, Marcelo Fronckowiak, Claudio Gewehr, Jan Debrandt, Domniek Baeyens. Analyse comparative et Appréciations. _c4ème de couverture. |
||
| 540 |
_5130552106 _aCTDY1-NI |
||
| 650 | 7 |
_0(IdRef)02735766X _1http://www.idref.fr/02735766X/id _aVolley-ball _0(IdRef)027797961 _1http://www.idref.fr/027797961/id _xEntraînement. _2ram |
|
| 650 | 7 |
_0(IdRef)02735766X _1http://www.idref.fr/02735766X/id _aVolley-ball _0(IdRef)027657140 _1http://www.idref.fr/027657140/id _xEntraîneurs (sports). _2ram |
|
| 760 | 0 |
_tSports pratique _x1622-7220 _w(ABES)051200120 |
|
| 886 | 2 |
_2unimarc _a181 _ai# _bxxxe## |
|
| 930 |
_dGETUD _a796.325 BOU |
||
| 930 | _a796.325 BOU | ||
| 930 | _a796.325 BOU | ||
| 930 | _aS.619554 | ||
| 930 | _aTVB 73 | ||
| 930 |
_l462017 _a796.325 BOU |
||
| 930 |
_dBUSC2 _lSCMAG _aM20642 |
||
| 930 | _a796.325 BOU | ||
| 930 | _a796.325 BOU | ||
| 930 | _a796.325 BOU vol | ||
| 930 | _a796.325 BOU | ||
| 930 | _aAS G8 BOU | ||
| 930 | _a796.325 BOU | ||
| 930 | _a796.325 BOU | ||
| 930 | _a796.325 | ||
| 930 | _a796.325 BOU | ||
| 930 | _aASG 8 - BOU | ||
| 930 | _a796.325 BOU | ||
| 930 | _a796.325 BOU | ||
| 930 | _aB.180.863 | ||
| 930 | _a796.325/BOUD / v | ||
| 930 | _a796.325 BOU | ||
| 930 | _aM 19766 | ||
| 930 |
_dMHOUY _lSLSHP _aGV 1015.3 BOU |
||
| 930 | _a796.3 VOL | ||
| 930 | _aAS G8 BOU vol | ||
| 930 | _a796.33 BOU | ||
| 930 | _aASG8 BOU | ||
| 942 |
_2ddc _cكتاب |
||
| 990 | _aLIV | ||
| 990 | _aLIV | ||
| 999 |
_c27544 _d27544 |
||
| 999 | _bSTAMLA | ||